000 00429cam a2200169ua 4500
003 OSt
008 250108b |||||||| |||| 00| 0 eng d
020 _a81-219-1146-0
082 _a621.301
_bTHE/TE
100 _aTheraja, B L.
245 _aText book of electrical technology, Vol 3 /
250 _a23 /
260 _aNew Delhi :
_bS.Chand and Co ,
_c2005.
300 _a550 ; .
700 1 _aTheraja, A K .
942 _cBK
999 _c10239
_d10239